000 00699nas a2200217 4500
001 BR8902910
003 BR-BrBNA
005 20231205091609.0
007 ta
008 230509b bl.|||p| |||| 00| 00por d
040 _aBR-BrBNA
_bpor
_cBiblioteca Nacional de Agricultura
041 _a(Pt)
072 _aH10
100 1 _aGoncalves, C.R.
245 1 _aDescricao de Acromyrmex diasi, uma nova especie de formiga cortadeira de folhas. (Hym., Formicidae)
650 _aFORMIGA
650 _aTAXONOMIA VEGETAL
773 0 _tRevista Brasileira de Biologia (Brazil)
_xISSN 0034-7108
_g(Aug 1982), v. 42(3) p. 485-487
_wBR8902910
909 _a202311
_bLúcia
_c55
_dLúcia Elande
942 _2AGRIS
_n0
_cANA
999 _c126088
_d126088